| 000 | 00423nam a2200181Ia 4500 | ||
|---|---|---|---|
| 005 | 20250425161250.0 | ||
| 008 | 250425s9999 xx 000 0 und d | ||
| 041 | _aeng | ||
| 082 | _a951.9 | ||
| 110 | _aTHE KOREA HERALD | ||
| 245 | 0 | _aKOREA: SEEN FROM ABROAD | |
| 250 | _a1A ED. | ||
| 260 |
_aCorea del Sur _bKOREA INFORMATION SERVICE _c1976 |
||
| 260 | _aSEOUL | ||
| 300 | _a305 | ||
| 942 | _c01 | ||
| 010 | _a16465 | ||
| 999 |
_c205751 _d205751 |
||